Justo Arosemena. La cuestión americana (contra la expansión colonialista de Estados Unidos)

Đã lưu trong:
Chi tiết về thư mục
Tác giả của công ty: Instituto del Canal de Panamá y Estudios Internacionales
Định dạng: Texto
Được phát hành: Panamá: Instituto del Canal de Panamá y Estudios Internacionales
Các nhãn: Thêm thẻ
Không có thẻ, Là người đầu tiên thẻ bản ghi này!

MARC

LEADER 00000 a a2200000 04500
001 23379
003
040
090 |a 162700  
110 |a Instituto del Canal de Panamá y Estudios Internacionales  
245 |a Justo Arosemena. La cuestión americana (contra la expansión colonialista de Estados Unidos)  
260 |a Panamá:   |b Instituto del Canal de Panamá y Estudios Internacionales  
300 |a 41 p.  
999 |c 13711  |d 13711